<?xml version="1.0" encoding="UTF-8"?><?xml-stylesheet type="text/xsl" href="static/style.xsl"?><OAI-PMH xmlns="http://www.openarchives.org/OAI/2.0/" xmlns:xsi="http://www.w3.org/2001/XMLSchema-instance" xsi:schemaLocation="http://www.openarchives.org/OAI/2.0/ http://www.openarchives.org/OAI/2.0/OAI-PMH.xsd"><responseDate>2026-04-17T02:33:52Z</responseDate><request verb="GetRecord" identifier="oai:www.recercat.cat:2117/364891" metadataPrefix="marc">https://recercat.cat/oai/request</request><GetRecord><record><header><identifier>oai:recercat.cat:2117/364891</identifier><datestamp>2025-07-22T22:42:20Z</datestamp><setSpec>com_2072_1033</setSpec><setSpec>col_2072_452951</setSpec></header><metadata><record xmlns="http://www.loc.gov/MARC21/slim" xmlns:dcterms="http://purl.org/dc/terms/" xmlns:xsi="http://www.w3.org/2001/XMLSchema-instance" xmlns:doc="http://www.lyncode.com/xoai" xsi:schemaLocation="http://www.loc.gov/MARC21/slim http://www.loc.gov/standards/marcxml/schema/MARC21slim.xsd">
   <leader>00925njm 22002777a 4500</leader>
   <datafield ind2=" " ind1=" " tag="042">
      <subfield code="a">dc</subfield>
   </datafield>
   <datafield ind2=" " ind1=" " tag="720">
      <subfield code="a">Fuster Ramis, Francesc</subfield>
      <subfield code="e">author</subfield>
   </datafield>
   <datafield ind2=" " ind1=" " tag="260">
      <subfield code="c">2021</subfield>
   </datafield>
   <datafield ind2=" " ind1=" " tag="520">
      <subfield code="a">Durant tota la història de la humanitat l'ésser humà ha generat residus però en la societat actual la quantitat de residus que es genera per habitant és molt gran. Els tractament d’aquests residus ha anat avançant des del 1975 on es va instal·lar la primera planta de valorització energètica on s’incineraven els residus i amb la calor despresa es produeix electricitat. Cap al 1982 es va implementar  el primer contenidor de reciclatge a Espanya convertint el tractaments de residus cada vegada més de circular i aprofitant al màxim aquests.&#xd;
En aquest treball s’explicarà quin és el tractament actual dels cinc contenidors principals (envasos, paper i cartró, vidre, orgànica i resta) des dels contenidor fins a les plantes recicladores si es el cas o fins a l’eliminació d’aquests ja que depenent del residu es tracta de manera diferent. En els envasos es separarà els distints materials i eliminar impropis i es s’enviarà cap a plantes recicladores ,al paper i cartró i el vidre es separen les impureses. Amb la orgànica s’aconseguirà extreure el biogàs i acabar servint com a compostatge i la resta pot ser incinerada i eliminada a una planta de valorització energètica o enviada a un abocador. &#xd;
Després de la explicació s’aplicarà un estudi amb els residus del Vallès Occidental on s’indicarà quina maquinaria s’adaptaria millor en el cas de construir les plantes i per a finalitzar un anàlisis econòmic, energètic i ambiental on es podrà comparar aquestes diferències entre construir les plantes o seguir com es fa avui en dia.</subfield>
   </datafield>
   <datafield tag="653" ind2=" " ind1=" ">
      <subfield code="a">Àrees temàtiques de la UPC::Desenvolupament humà i sostenible::Política i gestió ambiental::Gestió de residus</subfield>
   </datafield>
   <datafield tag="653" ind2=" " ind1=" ">
      <subfield code="a">Refuse and refuse disposal</subfield>
   </datafield>
   <datafield tag="653" ind2=" " ind1=" ">
      <subfield code="a">Recycling (Waste, etc.)</subfield>
   </datafield>
   <datafield tag="653" ind2=" " ind1=" ">
      <subfield code="a">Waste disposal sites</subfield>
   </datafield>
   <datafield tag="653" ind2=" " ind1=" ">
      <subfield code="a">Tractament de residus</subfield>
   </datafield>
   <datafield tag="653" ind2=" " ind1=" ">
      <subfield code="a">Vallès Occidental</subfield>
   </datafield>
   <datafield tag="653" ind2=" " ind1=" ">
      <subfield code="a">Planta de selecció d'envasos</subfield>
   </datafield>
   <datafield tag="653" ind2=" " ind1=" ">
      <subfield code="a">Planta de valorització energètica</subfield>
   </datafield>
   <datafield tag="653" ind2=" " ind1=" ">
      <subfield code="a">Residus--Eliminació</subfield>
   </datafield>
   <datafield tag="653" ind2=" " ind1=" ">
      <subfield code="a">Reciclatge (Residus, etc.)</subfield>
   </datafield>
   <datafield tag="653" ind2=" " ind1=" ">
      <subfield code="a">Abocadors</subfield>
   </datafield>
   <datafield ind2="0" ind1="0" tag="245">
      <subfield code="a">Projecte d'una central de tractament de residus a Can Barba</subfield>
   </datafield>
</record></metadata></record></GetRecord></OAI-PMH>